| 000 | 00413nam a22001337a 4500 | ||
|---|---|---|---|
| 008 | 230704b xxu||||| |||| 00| 0 eng d | ||
| 020 | _a9966948724 | ||
| 082 |
_a339.523 _bWAG |
||
| 100 | _cMbui Wagacha | ||
| 245 |
_aIpar Special Paper Series _bSP No 04/2000 _creview of kenya's Budget and fiscial Strategy:2000/2001 |
||
| 260 |
_bInstitute of policy Analysis and Research _c2000 |
||
| 300 | _a25p | ||
| 942 |
_2ddc _cBK |
||
| 999 |
_c3546 _d3546 |
||